000 00515nam a22002177a 4500
003 UA-OsUOA
001 37999
007 ta
008 20060421b un ||||| |||| 00| 0 ukr d
100 _aБрусилова Алла
090 _a32
_bБ11
942 _cSA
040 _aUA-OsUOA
_bukr
_cUA-OsUOA
_dUA-OsUOA
245 _aНі шпалер, ні туалетного паперу
300 _a3 с.
955 _a0
041 _aukr
080 _a32
773 0 _w37998
650 7 _a32 Політика
_2UDC
999 _c324163
_d324163